MDQL
is popping MORE tags! Check the
thread
!
Quizzes
Events
Quiz Creation
Community
Videos
Private Events
Remove Ads
Sign In
Join for FREE
Feedback
Dark Mode
Quiz Categories
Sports
Geography
Music
Movies
Television
Just For Fun
Miscellaneous
History
Literature
Language
Science
Gaming
Entertainment
Religion
Holiday
For Kids
Quiz Lab
Recent
Popular Today
Quiz Kudos Today
Editor Picks
Curator Picks
Quizzes by...
Day
Popularity
Type
Ratings
Length
Year
Community
Subscriptions
Recent Discussions
Orange Saloon
Badges
Playlists
Quests
Create
Leaderboards
Showdown
Live 5
Trivia Bingo
Activity
Puzzle Library
Sporcle Events
Private Events
Virtual Trivia
Globe League
Become a Host
Pub Owners
SporcleCon
Opinionation
Our Games
Videos
Blog
Mobile Apps
Partnerships
Remove Ads and Go Orange
Feedback
Sports
Athletes
MLB
NBA
NHL
NFL
Soccer
Sports Teams
WWE
NCAA
Football
Premier League
Basketball
Baseball
Hockey
Golf
Tennis
Cricket
Rugby
Auto Racing
Olympics
World Cup
Sports
Athletes
MLB
NBA
NHL
NFL
Soccer
Sports Teams
WWE
NCAA
Football
Premier League
Basketball
Baseball
Hockey
Golf
Tennis
Cricket
Rugby
Auto Racing
Olympics
World Cup
Random Quiz
Search Sporcle
×
Quiz Lab
Quiz Lab
Sports
NHL
Type in answers that appear in a list
Type in answers that appear in a list
Classic
Best Score? Go Orange.
NHL 2011-12 Faceoff Winners Stats
Can you name the 2011-12 NHL Faceoff Winners?
By
WyattsTorch
8m
55 Questions
75 Plays
75 Plays
75 Plays
Comments
Comments
Give Quiz Kudos
Give Quiz Kudos
-
- Ratings
hide this ad
More Info
Replay
Link that replays current quiz
Next Quiz
Link to next quiz in quiz playlist
You Got
0%
They Got
Avg Score
53%
Avg Friend Score
Upgrade to see
Score Distribution
Jump to the score distribution portion of the page
Score
0/55
Timer
08:00
0
Plays Today
F/O%
Player
% Correct
59.4
Jonathan Toews
98.7%
56.1
Joe Thornton
98.7%
50.1
Henrik Sedin
94.7%
59.3
Patrice Bergeron
93.3%
51.3
Nicklas Backstrom
92%
53.6
Ryan Kesler
90.7%
52.5
Eric Staal
89.3%
51.0
Jordan Staal
89.3%
56.2
Pavel Datsyuk
85.3%
51.8
Brad Richards
84%
50.5
Mike Richards
84%
52.4
Saku Koivu
80%
52.3
Mikko Koivu
80%
53.8
Anze Kopitar
78.7%
58.7
Joe Pavelski
77.3%
53.5
Jason Spezza
76%
51.3
John Tavares
76%
55.4
Paul Stastny
72%
53.7
Claude Giroux
70.7%
53.2
Stephen Weiss
70.7%
52.0
David Krejci
70.7%
50.6
Derek Roy
68%
50.8
Jeff Carter
65.3%
51.4
Logan Couture
60%
52.7
Tyler Bozak
58.7%
56.6
Antoine Vermette
57.3%
58.5
Manny Malhotra
56%
55.1
Jussi Jokinen
56%
F/O%
Player
% Correct
52.8
Ryan O'Reilly
56%
51.5
Mikhail Grabovski
53.3%
57.3
Paul Gaustad
52%
55.0
Jarret Stoll
42.7%
51.9
Darren Helm
42.7%
58.0
David Steckel
38.7%
51.8
Bryan Boyle
37.3%
52.0
Martin Hanzal
36%
50.5
Brandon Sutter
36%
55.5
Steve Ott
34.7%
52.6
Sami Pahlsson
34.7%
53.2
Matt Cullen
32%
50.7
Michal Handzus
30.7%
55.0
Dominic Moore
29.3%
50.3
Jason Arnott
26.7%
51.6
Marcel Goc
25.3%
55.3
Eric Belanger
20%
51.8
Chris Kelly
20%
51.3
Jay McClement
18.7%
56.8
Boyd Gordon
16%
58.3
Jeff Halpern
14.7%
50.9
Vern Fiddler
14.7%
56.1
Jerred Smithson
13.3%
54.4
Jim Slater
13.3%
55.6
Joe Vitale
12%
50.1
Nick Spaling
6.7%
51.9
Mark Letestu
5.3%
Quiz Playlist
Details
Report
Send in Message
Add To Playlist
More Info:
This quiz includes all players who took at least 600 faceoffs and won at least 50% of them.
Classic:
Type in answers that appear in a list
Quiz Source
Last Updated: Feb 16, 2017
Quiz Scoreboard
CHALLENGE
Sign Up to Join the Scoreboard
Show All
Scores
Hide
Comments
May contain spoilers
Recently Published
Image Sorting: Flags VI
by Barbecue
Geography
2m
Find the 'City' Movie
by crazypaving
Movies
60s
Colored Red Africa Blitz
by spor1
Geography
45s
More to Explore
Quiz From the Vault
Featured Blog Post
14 Easter Pick-up Lines to Find Eggs With
hide this ad
You Might Also Like...
Tags
Hockey Quiz
NHL Quiz
2011
2012
faceoff
Percentage Leaders
Stats Leaders
Today's Top Quizzes in Sports
Browse Sports
hide this ad
Today's Top Quizzes in NHL
Browse NHL
Top Contributed Quizzes in Sports
1
Les meilleurs buteurs des matchs entre le PSG et l’OM
2
Les entraîneurs de l'OM et du PSG au 21e siècle
3
2022 World Cup Stars
4
Les joueurs passés par le PSG et l'OM
5
Players with Multiple 50 Home Run Seasons
6
Criteria MLB: Left Handed Sluggers
7
FIFA Club World Cup Champions
8
Les joueurs passés par le LOSC et le RC Lens
9
NBA Logic Puzzle 2.0
10
Top 10 NHL Goal Scorers of All Time
Explore More
Trending Topics
NBA
Harry Potter
Crossword
Kpop
Disney
Anime
Marvel
Country
Puzzle
Soccer
WWE
Song
Pokémon
NFL
The Office
hide this ad
More By:
WyattsTorch
Quiz
Plays
Rating
Category
Featured
Created
Famous Novel Anagrams
80,674
4.24
Literature
Jul 17, 2010
NHL Top Scorers (2012-2013)
21,517
4.17
Sports
Apr 29, 2013
Franchise Antagonist Actor Trios
7,338
4.64
Movies
Feb 22, 2021
Narnia Characters
3,125
4.75
Literature
Jul 25, 2012
Firefly or Serenity?
2,629
4.29
Movies
Aug 14, 2011
Go to Creator's Profile
Score Distribution
Quiz Creator Spotlight
WyattsTorch
Follow
Send a Message
Quizzes Created
-
Created Quiz Play Count
-
More By This Creator
Popular Quizzes Today
1
Colored Red Africa Blitz
2
Find the US States - No Outlines Minefield
3
Find the 'City' Movie
4
5x2 Blitz: Bands
5
The Countries of the World
6
Find the US States
7
Find the Countries of Europe - No Outlines Minefield
8
US States
More Sports Quizzes
Top 100 NFL All Time Passing Yard Leaders
Quiz Lab
Trending Quizzes
Colored Red Europe Blitz I
Colored Red Europe Blitz II
Colored Red Africa Blitz II
Colored Red Europe Blitz III
Colored Red Africa Blitz III
Recently Updated
How Do You Spell That?
pecheneg
Godzilla Movies
pecheneg
Grab Bag: 4-10 Letters
pecheneg
2024 March Madness Bracket
pecheneg
Famous TV Couples
Peacemaker
Champions League XIs: Real Madrid
pecheneg
Largest US Cities 1790-2010
pecheneg
Rides in Walt Disney World
pecheneg
Most Oscar Losses (Acting)
pecheneg
Beyoncé Albums
pecheneg
Trending Topics
Harry Potter
Kpop
Marvel
Anime
Disney
Crossword
NBA
NFL
Soccer
Pokémon
Song
The Office
Country
Puzzle
WWE
Your Account Isn't Verified!
In order to create a playlist on Sporcle, you need to verify the email address you used during registration. Go to your
Sporcle Settings
to finish the process.
Report this User
Report this user for behavior that violates our
Community Guidelines
.
Details:
Send Report
Go to the Sporcle.com Mobile Site →
Comments